Mechanism of Ethanol Vapours Diffusion in Particles of Activated Carbons

Bibliographic Details
Main Authors: Bobok, Daniel, 1939- (Author), Besedová, E. (Author)
Format: Article
Language:English

MARC

LEADER 00000nab a2200000uu 4500
001 vtls010878020
003 SK-MaSNL
005 20260303163137.0
008 230303|2004 xo |||||||||||||||||eng|
015 |a SNBRB 
035 |a (urnnbn)urn:nbn:sk:snk:ar-005uhh 
035 |a (uuid)e3f453f4-2ced-4da9-a5f1-122cd75624b3 
035 |a urn:nbn:sk:snk-ab7may 
040 |a SNKBUCL  |b slo  |c SNKBUCL  |e AACR2 
041 0 |a eng 
044 |a xo  |c SK 
100 1 |a Bobok, Daniel,  |d 1939-  |4 aut  |9 38783 
245 1 0 |a Mechanism of Ethanol Vapours Diffusion in Particles of Activated Carbons  |c D. Bobok, E. Besedová 
700 1 |a Besedová, E.  |4 aut  |9 1170568 
773 0 |t Chemical papers  |g Roč. 58, č. 1 (2004), s. 55-63 
958 |a OND 
958 |a EUIPO 
958 |a article8 
999 |c 2059121  |d 2061051